000
00302nam a22001097a 4500
082
_a
669.14 BAS'M
100
_a
BASHFORTH, G. REGINALD
_9
52091
245
_a
THE MANUFACTURE OF IRON AND STEEL THE MECHANICAL TREATMENT OF STEEL
250
_a
VOL-4
260
_a
LONDON
_b
CHAPMAN & HALL
_c
1962
942
_c
BK
999
_c
585118
_d
585118